| 000 | 01075nam a22002657a 4500 | ||
|---|---|---|---|
| 003 | 0 | ||
| 005 | 20250116155526.0 | ||
| 008 | 250116b xxu||||| |||| 00| 0 eng d | ||
| 050 |
_aRT 86.7 _b.P19 2024 |
||
| 100 | _aPanganiban, Trisha Marie A. | ||
| 245 |
_aSISC graduate nurses' professional self-assessment and career satisfaction in local and overeas health settings _cTrisha Marie A. Panganiban |
||
| 260 |
_aLas Pinas City _bSouthville International School and Colleges _c2024 |
||
| 300 |
_ax, 148 pages : _billustrations ; _c29cm. |
||
| 504 | _aIncludes bibliographical references and appendices. | ||
| 650 | _aNurses—Job satisfaction—Philippines. | ||
| 650 | _aNurses—Professional development—Philippines. | ||
| 650 | _aNurses—Employment—Foreign countries. | ||
| 650 | _aNurses—Self-assessment—Philippines. | ||
| 650 | _aMedical personnel—Migration—Philippines. | ||
| 700 | _aPiñon, Maxene Andrea | ||
| 700 | _aPortuguez, Marylle | ||
| 700 | _aRamos, Jan Clarisse M. | ||
| 700 | _aRodriguez, Chloie Louise M. | ||
| 942 |
_2lcc _cTH |
||
| 999 |
_c366999 _d366999 |
||